000 01428nam a2200265Ia 4500
003 Ost
005 20260507075214.0
008 260507s9999||||xx |||||||||||||| ||und||
020 _a731079957
040 _cfsecg
041 _aara
082 _a330
100 _aشلبي، وفاء فؤاد
_eمؤلف
245 0 _aإدارة الموارد في ظل متغيرات العصر /
_c وفاء فؤاد شلبي
260 _aعمان:
_bدار الفكر,
_c2009
300 _a227 صفحة؛
_bإيضاحات ؛
_c24 سم
504 _aمراجع ص.221 ؛تطبيقات ص.215
520 _aماهية إدارة الموارد الاسرية ، اتخاذ القرارات في محيط الاسرة ، القيم و المستويات و الاهداف، جوانب العملية الادارية، موارد الاسرة ،عوامل تؤثر في استخدام موارد الاسرة ، ادارة الموارد البشرية ، ادارة الموارد غير البشرية ، تبسيط الاعمال في ضوء أبعاده الثلاثة : العمل ، القائم بالعمل ، مكان العمل
653 _aالإدارة المنزلية
653 _aالإقتصاد المنزلي
653 _aالتدبير المنزلي
700 _aسامي محمد، حنان
_eمؤلف ثانوي
700 _aماهر بدير، ايناس
_eمؤلف ثانوي
942 _cكتاب
999 _c43488
_d43488